105 dates en Histoire - Statistiques

Statistiques générales
  • Ce quiz a été pris 219 fois
  • Le résultat moyen est 51 sur 105
Statistiques - réponses
Évenement Date % Correct
Hiroshima et Nagasaki / Création de l'ONU / Découverte des camps. 1945
82%
Armistice du 11 novembre. 1918
81%
Hitler devient chancelier (Début du IIIe Reich). 1933
80%
Débarquement en Normandie. 1944
80%
Attentat de Sarajevo, début de la guerre. 1914
79%
Bataille de Verdun. 1916
79%
Pearl Harbor / Invasion de l'URSS. 1941
79%
Traité de Versailles. 1919
78%
Prise de la Bastille (14 juillet) et DDHC (Révolution française). 1789
77%
Révolution russe (Bolcheviks au pouvoir) / Entrée en guerre des USA. 1917
77%
Invasion de la Pologne. 1939
77%
Appel du 18 juin (De Gaulle). 1940
77%
Mai 68 (Mouvements sociaux mondiaux) / Printemps de Prague. 1968
77%
Couronnement de Charlemagne, empereur d'Occident. 800
76%
Premier congés payés / Front Populaire en France / Guerre civile espagnole. 1936
75%
Conférence de Wannsee (Solution finale) / Stalingrad. 1942
75%
Déclaration universelle des droits de l'homme / Création de l'État d'Israël. 1948
75%
Apollo 11 : L'homme marche sur la Lune. 1969
75%
Krach de Wall Street (Grande Dépression). 1929
74%
Fondation de la Ve République en France. 1958
74%
Chute du Mur de Berlin / Place Tian'anmen. 1989
74%
Chute de l'URSS (Fin de la Guerre froide) / Guerre du Golfe. 1991
74%
Traité de Maastricht (Création de l'Union Européenne). 1992
74%
Indépendance de l'Algérie / Crise des missiles de Cuba. 1962
73%
Bataille de Marignan (François Ier). 1515
72%
Libération de Nelson Mandela. 1990
71%
Loi Veil (IVG en France). 1975
71%
Christophe Colomb découvre l'Amérique / Chute de Grenade (Fin de la Reconquista). 1492
70%
Loi de séparation des Églises et de l'État en France / Théorie de la relativité d'Einstein. 1905
70%
Plan Marshall / Indépendance de l'Inde et du Pakistan. 1947
70%
Discours "I have a dream" (Martin Luther King) / Assassinat de JFK. 1963
70%
Abolition de la peine de mort en France. 1981
69%
Mise en circulation de l'Euro. 2002
69%
Construction du Mur de Berlin / Youri Gagarine (1er homme dans l'espace). 1961
68%
Génocide des Tutsis au Rwanda / Fin de l'Apartheid. 1994
68%
Sacre de Napoléon Ier et Code Civil. 1804
67%
Proclamation de la République Populaire de Chine (Mao) / Création de l'OTAN. 1949
67%
Premier choc pétrolier / Coup d'État au Chili (Pinochet). 1973
66%
Crise financière mondiale (Subprimes) / Élection de Barack Obama. 2008
66%
Traité de Rome (CEE - ancêtre de l'UE) / Spoutnik (Conquête spatiale). 1957
65%
Printemps arabes / Catastrophe de Fukushima. 2011
65%
Affaire Dreyfus ("J'accuse" de Zola). 1898
64%
Bataille d'Alésia (Victoire de César sur Vercingétorix). -52
64%
Déclaration d'indépendance des États-Unis. 1776
59%
Congrès de Vienne / Bataille de Waterloo (Redécoupage de l'Europe). 1815
59%
Révolution islamique en Iran. 1979
58%
Prise de Constantinople par les Ottomans (Fin de l'Empire byzantin). 1453
56%
Révolution de Juillet en France / Indépendance de la Grèce et Belgique. 1830
55%
Chute de l'Empire romain d'Occident (Fin de l'Antiquité). 476
55%
"Printemps des peuples" en Europe / Abolition de l'esclavage en France. 1848
53%
Création d'Internet grand public (essor du Web). 1995
52%
Assassinat de Jules César. -44
51%
Invention du cinéma par les frères Lumière. 1895
48%
Premier vol motorisé des frères Wright. 1903
48%
Édit de Nantes (Tolérance religieuse en France). 1598
47%
Fondation légendaire de Rome. -753
47%
Massacre de la Saint-Barthélemy (Guerres de religion). 1572
46%
Guerre d'Algérie (guerre d'indépendance et de décolonisation) qui oppose les nationalistes à la France 1954-1962
44%
Baptême de Clovis (Alliance des Francs et de l'Église). 496
42%
Traités de Westphalie (Nécessance de l'État-nation moderne). 1648
41%
Conférence de Berlin (Partage de l'Afrique par les puissances coloniales). Pasteur met au point le vaccin contre la rage. 1885
41%
Invention de l'imprimerie par Gutenberg. 1455
40%
Règne de Louis XIV 1643-1715
39%
Appel à la première Croisade par le pape Urbain II. 1095
38%
Avènement d'Auguste : Début de l'Empire romain (Pax Romana). -27
38%
Guerre Froide 1947-1991
37%
Hugues Capet roi de France (Début de la dynastie capétienne). 987
37%
Bataille d'Hastings (Guillaume le Conquérant conquiert l'Angleterre). 1066
36%
Invention de l'écriture (Mésopotamie) : Début de l'Histoire. -3300
36%
L'Hégire : Départ de Mahomet pour Médine (Début du calendrier musulman). 622
36%
Début du règne personnel de Louis XIV (Apogée de l'absolutisme). 1661
33%
Mort d'Alexandre le Grand (Fin de l'empire macédonien). -323
33%
Premiers Jeux Olympiques antiques. -776
33%
Guerre franco-prussienne / Commune de Paris / Unification de l'Allemagne. 1870-1871
31%
Bataille de Poitiers (Charles Martel arrête l'expansion arabe). 732
31%
La Guerre de Cent Ans. 1337-1453
28%
Édit de Milan (Liberté de culte pour les Chrétiens dans l'Empire romain). 313
28%
Magna Carta (Grande Charte) en Angleterre : prémices de l'État de droit. 1215
27%
95 thèses de Luther (Début de la Réforme protestante). 1517
27%
Restauration de Meiji (Ouverture et modernisation du Japon). 1868
26%
Guerre d'Indochine 1946-1954
26%
Construction des pyramides de Gizeh (Égypte). -2500
26%
Fondation de la République romaine. -509
26%
Traité de Verdun (Partage de l'empire carolingien, esquisse de la France et l'Allemagne). 843
26%
Machine à vapeur de James Watt (Début de la Révolution industrielle). 1769
24%
Règne de Henri IV 1589-1610
22%
Règne de Louis XIII 1610-1643
22%
Guerre du Vietnam 1955-1975
22%
Début de l'âge du fer. -1200
21%
Destruction du Temple de Jérusalem par les Romains. 70
21%
Règne de Louis XV 1715-1774
19%
Règne de Louis XVI 1774-1792
19%
Charles Darwin publie "L'Origine des espèces". 1859
19%
Copernic publie sa théorie de l'héliocentrisme. 1543
18%
Glorieuse Révolution en Angleterre (Bill of Rights, monarchie parlementaire). 1688
18%
Guerre de Sécession aux États-Unis. 1861-1865
17%
Unification de la Chine par l'empereur Qin Shi Huang. -221
17%
Le Grand Schisme d'Orient (Séparation catholiques / orthodoxes). 1054
16%
La Grande Peste noire (Tue 1/3 de la population européenne). 1347-1352
16%
Parution du premier volume de l'Encyclopédie (Diderot et d'Alembert). 1751
15%
Scission de l'Empire romain (Occident et Orient). 395
15%
Newton publie ses "Principes" (Loi de la gravitation). 1687
13%
Code Justinien (Base du droit civil moderne). 529
12%
Ière République française. 1789-1804
11%
Kubilai Khan achève la conquête de la Chine (Dynastie Yuan / Mongols). 1279
4%
Aucun quiz correspondant
Distribution des résultats
% des personnes avec chaque résultat
Percentile par nombre de réponses
Votre historique - résultats
Vous n’avez pas pris ce quiz